PARK'S TEXT BOOK OF PREVENTIVE AND SOCIAL MEDICINE (Record no. 21587)

MARC details
000 -LEADER
fixed length control field 00437nam a22001697a 4500
003 - CONTROL NUMBER IDENTIFIER
control field SGT
020 ## - INTERNATIONAL STANDARD BOOK NUMBER
International Standard Book Number 978-93-82219-16-3
082 ## - DEWEY DECIMAL CLASSIFICATION NUMBER
Classification number 614.44
Item number P21P
100 ## - MAIN ENTRY--PERSONAL NAME
Personal name PARK,K
245 ## - TITLE STATEMENT
Title PARK'S TEXT BOOK OF PREVENTIVE AND SOCIAL MEDICINE
250 ## - EDITION STATEMENT
Edition statement 26TH
260 ## - PUBLICATION, DISTRIBUTION, ETC. (IMPRINT)
Place of publication, distribution, etc PUNE
Name of publisher, distributor, etc BANARSIDAS BHANOT
Year of Publication 2021
300 ## - PAGE DESCRIPTION
No. of Pages 1032
650 ## - SUBJECT ADDED ENTRY--TOPICAL TERM
Topical term or geographic name as entry element AYURVEDA
653 ## - KEYWORDS--INDEX TERM
Keyword term PARK'S MEDICINE, PREVENTIVE MEDICINE, SOCIAL MEDICINE
942 ## - ADDED ENTRY ELEMENTS (KOHA)
Source of classification or shelving scheme Dewey Decimal Classification
Koha item type Books
942 ## - ADDED ENTRY ELEMENTS (KOHA)
-- 67
Holdings
Withdrawn status Lost status Source of classification or shelving scheme Damaged status Not for loan Collection code Home library Current library Shelving location Date acquired Vendor Name Cost, normal purchase price SGTU Bill Number Total Checkouts Full call number Accession No. (Barcode) Date last seen Date last borrowed Bill Date Koha item type Use restrictions Total Renewals
    Dewey Decimal Classification     AYURVEDA SGT FA-FP Library SGT FA-FP Library Text Book 17/07/2021 AHUJA PUB 1500.00 SGTU 13091 33 614.44 P21P FA10616 03/06/2026 12/01/2026 10/06/2021 Books    
    Dewey Decimal Classification     AYURVEDA SGT FA-FP Library SGT FA-FP Library Text Book 17/07/2021 AHUJA PUB 1500.00 SGTU 13091 29 614.44 P21P FA10617 11/09/2024 23/08/2024 10/06/2021 Books    
    Dewey Decimal Classification     AYURVEDA SGT FA-FP Library SGT FA-FP Library Text Book 17/07/2021 AHUJA PUB 1500.00 SGTU 13091 10 614.44 P21P FA10618 09/02/2026 21/01/2026 10/06/2021 Books    
    Dewey Decimal Classification     AYURVEDA SGT FA-FP Library SGT FA-FP Library Reference Book 17/07/2021 AHUJA PUB 1500.00 SGTU 13091   614.44 P21P FA10619 17/07/2021   10/06/2021 Books Restricted Access  
    Dewey Decimal Classification     AYURVEDA SGT FA-FP Library SGT FA-FP Library Text Book 17/07/2021 AHUJA PUB 1500.00 SGTU 13091 30 614.44 P21P FA10620 31/01/2026 21/01/2026 10/06/2021 Books    
    Dewey Decimal Classification     AYURVEDA SGT FA-FP Library SGT FA-FP Library Text Book 17/07/2021 AHUJA PUB 1500.00 SGTU 13091 33 614.44 P21P FA10621 30/04/2026 30/04/2026 10/06/2021 Books   1
    Dewey Decimal Classification     AYURVEDA SGT FA-FP Library SGT FA-FP Library Text Book 17/07/2021 AHUJA PUB 1500.00 SGTU 13091 20 614.44 P21P FA10622 30/04/2026 30/04/2026 10/06/2021 Books    
    Dewey Decimal Classification     AYURVEDA SGT FA-FP Library SGT FA-FP Library Text Book 17/07/2021 AHUJA PUB 1500.00 SGTU 13091 34 614.44 P21P FA10623 17/09/2025 19/08/2025 10/06/2021 Books   1
    Dewey Decimal Classification     AYURVEDA SGT FA-FP Library SGT FA-FP Library Text Book 17/07/2021 AHUJA PUB 1500.00 SGTU 13091 30 614.44 P21P FA10624 29/03/2025 22/03/2025 10/06/2021 Books    
    Dewey Decimal Classification     AYURVEDA SGT FA-FP Library SGT FA-FP Library Text Book 17/07/2021 AHUJA PUB 1500.00 SGTU 13091 42 614.44 P21P FA10625 19/04/2025 02/04/2025 10/06/2021 Books